000
00245nam a2200097Ia 4500
001
760735
005
20250826165154.0
008
250824s9999 xx 000 0 und d
245
0
_a
BENİM ÇILGIN AİLEM
_c
ELIZABETH KELLY
260
_b
MARTI YAYINLARI
999
_c
760735
_d
760735